| 000 | 00584cam a22002054a 4500 | ||
|---|---|---|---|
| 001 | 30779 | ||
| 005 | 20230411085954.0 | ||
| 008 | 060919s2005 pn 000 0 spa | ||
| 035 | _a14558070 | ||
| 925 | 0 |
_aacquire _b1 shelf copy _xpolicy default |
|
| 942 |
_2lcc _cbk |
||
| 010 | _a 2006493774 | ||
| 020 | _a9962027160 | ||
| 040 |
_aDLC _cDLC |
||
| 042 | _apcc | ||
| 100 | 1 | _aSmith, Alan. | |
| 245 | 1 | 0 |
_aTurismo en la planificacion integral : _bcaso de Panamâa : consejos derivados de experiencias / _cAlan Smith. |
| 260 |
_a[Panamââa] : _b[s.n.], _c2005. |
||
| 300 | _a75 p. | ||
| 999 |
_c110262 _d110262 |
||